Előadások a politikai akadémiákon [rövid hír] /

Elmentve itt :
Bibliográfiai részletek
Szerző: Rácz János
Dokumentumtípus: Cikk
Megjelent: 1965-11-07
Sorozat:Délmagyarország 55 No. 263
Kulcsszavak:Politika előadás Szeged 1965, Előadás - politikai akadémia
Online Access:http://dmarchiv.bibl.u-szeged.hu/55545
LEADER 00520nab a2200157 i 4500
001 delm55545
005 20180927141849.0
008 180927s1965 hu o 0|| hun d
040 |a SZTE Délmagyarország Archívum  |b hun 
041 |a hun 
100 1 |a Rácz János 
245 1 0 |a Előadások a politikai akadémiákon   |h [elektronikus dokumentum] :  |b [rövid hír] /  |c  Rácz János 
260 |c 1965-11-07 
300 |a 7 
490 0 |a Délmagyarország  |v 55 No. 263 
695 |a Politika előadás Szeged 1965, Előadás - politikai akadémia